| 000 | 00498nam a22001813a 4500 | ||
|---|---|---|---|
| 005 | 20240925065333.0 | ||
| 008 | 011016s2000 es r 000 0 spa d | ||
| 020 | _a8477647429 (Obra completa) | ||
| 035 | _aUPN01000113467 | ||
| 049 | _aC | ||
| 050 | 4 |
_aHQ23 _bE5.3 |
|
| 245 | 0 | 0 | _aEnciclopedia de la sexualidad. |
| 260 |
_aBarcelona Esp. : _bOcéano, _cc2000. |
||
| 300 |
_a4 v. _bil., fotos col. |
||
| 650 | 2 |
_aSexualidad _97977 |
|
| 650 | 4 |
_aEnciclopedias y diccionarios _92648 |
|
| 905 | _aLibro | ||
| 999 |
_c87375 _d87375 |
||